[Event "DSOL 03 Liga Gr-A 1st"]
[Site "Playchess.com INT"]
[Date "2020.08.06"]
[Round "7.4"]
[White "Genov, Valentin"]
[Black "Wagner, Bernd"]
[Result "1-0"]
[WhiteElo "1843"]
[BlackElo "1757"]
[PlyCount "35"]
[EventDate "2020.06.22"]
[EventType "team-tourn (rapid)"]
[EventCountry "GER"]
[SourceTitle "EXT 2021"]
[Source "ChessBase"]
[SourceDate "2020.10.23"]
[SourceVersion "1"]
[SourceVersionDate "2020.10.23"]
[SourceQuality "1"]
[WhiteTeam "Hamburger SK III"]
[BlackTeam "Wismar ASV Gruen-Weiss"]
[WhiteTeamCountry "GER"]
[BlackTeamCountry "GER"]

1. d4 b6 2. c4 Bb7 3. Nc3 e6 4. e4 Bb4 5. f3 Bxc3+ 6. bxc3 Ne7 7. Bd3 d5 8. cxd5 exd5 9. e5 Ng6 10. Nh3 0-0 11. 0-0 Ba6 12. f4 Bxd3 13. Qxd3 Re8 14. f5 Nf8 15. f6 Ng6 16. fxg7 Kxg7 17. Qf5 Qd7 18. Qf6+ 1-0

[Event "DSOL 03 Liga Gr-A 1st"]
[Site "Playchess.com INT"]
[Date "2020.06.24"]
[Round "1.4"]
[White "Wagner, Bernd"]
[Black "Philipp, Maik"]
[Result "1/2-1/2"]
[WhiteElo "1757"]
[BlackElo "1417"]
[PlyCount "93"]
[EventDate "2020.06.22"]
[EventType "team-tourn (rapid)"]
[EventCountry "GER"]
[SourceTitle "EXT 2021"]
[Source "ChessBase"]
[SourceDate "2020.10.23"]
[SourceVersion "1"]
[SourceVersionDate "2020.10.23"]
[SourceQuality "1"]
[WhiteTeam "Wismar ASV Gruen-Weiss"]
[BlackTeam "Tegernsee"]
[WhiteTeamCountry "GER"]
[BlackTeamCountry "GER"]

1. d4 c6 2. c4 d5 3. cxd5 cxd5 4. Nc3 Nf6 5. Bf4 Nc6 6. e3 Bf5 7. Bd3 Bxd3 8. Qxd3 Nh5 9. Bg5 h6 10. Bh4 g5 11. Bg3 Nxg3 12. hxg3 Bg7 13. Qb5 e6 14. Qxb7 Rc8 15. Nge2 0-0 16. 0-0 Rc7 17. Qb5 Qe7 18. Rab1 Rb8 19. Qd3 Nb4 20. Qd2 Qd7 21. Rfc1 Nc6 22. Na4 Nxd4 23. b3 Nxe2+ 24. Qxe2 Rbc8 25. Qd1 Qe7 26. Kh2 Qa3 27. Rxc7 Rxc7 28. Qd2 Qd6 29. Rc1 f5 30. Rxc7 Qxc7 31. Qb4 a5 32. Qb5 f4 33. Qe8+ Kh7 34. Qxe6 fxg3+ 35. fxg3 Qc1 36. Qf5+ Kh8 37. Qd3 Qe1 38. Qxd5 Qxe3 39. Qa8+ Kh7 40. Qxa5 Be5 41. Kh1 Bxg3 42. Qf5+ Kh8 43. Qf8+ Kh7 44. Qf7+ Kh8 45. Qf8+ Kh7 46. Qf7+ Kh8 47. Qf8+ 1/2-1/2

[Event "Mecklenburg VP VL1819"]
[Site "Mecklenburg VP"]
[Date "2019.03.10"]
[Round "7.8"]
[White "Kross, Gunnar"]
[Black "Wagner, Bernd"]
[Result "1-0"]
[WhiteElo "1933"]
[BlackElo "1754"]
[PlyCount "67"]
[EventDate "2018.10.21"]
[EventType "team-tourn"]
[EventRounds "9"]
[EventCountry "GER"]
[SourceTitle "EXT 2022"]
[Source "ChessBase"]
[SourceDate "2021.10.06"]
[SourceVersion "1"]
[SourceVersionDate "2021.10.06"]
[SourceQuality "1"]
[WhiteTeam "Schwerin SF II"]
[BlackTeam "Wismar ASV Gruen-Weiss"]
[WhiteTeamCountry "GER"]
[BlackTeamCountry "GER"]

1. d4 b6 2. c4 Bb7 3. Nc3 Nf6 4. Nf3 e6 5. Bg5 Be7 6. e3 Ne4 7. Bxe7 Qxe7 8. Bd3 Nxc3 9. bxc3 0-0 10. 0-0 d6 11. e4 e5 12. Nd2 Nd7 13. Qc2 Rad8 14. Rae1 Rfe8 15. f4 f6 16. Re3 g6 17. Qd1 Kg7 18. Rg3 Rh8 19. h4 h6 20. Qg4 Qe8 21. Bc2 Nf8 22. Qf3 Qe7 23. Rf2 Bc6 24. Nf1 Bd7 25. Ne3 c6 26. Ba4 a6 27. Bxc6 Kh7 28. Bxd7 Nxd7 29. Nd5 Qg7 30. h5 g5 31. fxe5 fxe5 32. Qf5+ Kg8 33. Qe6+ Kh7 34. Rf7 1-0

[Event "Sachsen-Anhalt Landesliga A 18/19"]
[Site "Sachsen Anhalt"]
[Date "2019.02.24"]
[Round "7.5"]
[White "Granitzki, Erich"]
[Black "Wagner, Bernd"]
[Result "1/2-1/2"]
[WhiteElo "2067"]
[BlackElo "1948"]
[PlyCount "126"]
[EventDate "2018.09.23"]
[EventType "team-tourn"]
[EventRounds "9"]
[EventCountry "GER"]
[SourceTitle "EXT 2022"]
[Source "ChessBase"]
[SourceDate "2021.10.06"]
[SourceVersion "1"]
[SourceVersionDate "2021.10.06"]
[SourceQuality "1"]
[WhiteTeam "Burger Schwarz Weiss"]
[BlackTeam "Bernburg Aufbau"]
[WhiteTeamCountry "GER"]
[BlackTeamCountry "GER"]

1. d4 Nf6 2. c4 c5 3. d5 b5 4. Nd2 g6 5. e4 d6 6. cxb5 Bg7 7. Ngf3 0-0 8. Be2 a6 9. 0-0 axb5 10. Bxb5 Ba6 11. Qe2 Bxb5 12. Qxb5 Ra5 13. Qe2 Nbd7 14. Nc4 Ra7 15. Bd2 Qc8 16. Rfe1 Qa6 17. Na5 Rfa8 18. Qxa6 Rxa6 19. Nc6 Kf8 20. a3 Ra4 21. Bg5 h6 22. Bxf6 Nxf6 23. Nd2 Ng4 24. Rab1 Ne5 25. Nxe5 Bxe5 26. Nf3 Bg7 27. e5 c4 28. Rbc1 Rb8 29. Rc2 Rb5 30. b4 Rxa3 31. Rxc4 Bxe5 32. Nxe5 dxe5 33. f4 Rxd5 34. fxe5 Ra2 35. Rce4 Rdd2 36. Rg4 h5 37. Rg5 Rab2 38. e6 Rxb4 39. Rf1 f6 40. Rxg6 Re2 41. Ra1 Rxe6 42. Ra2 Re5 43. Rg3 Rf4 44. h3 h4 45. Rf3 Rxf3 46. gxf3 Kf7 47. Ra4 Rh5 48. Kf2 Kg6 49. f4 f5 50. Ke3 Kf6 51. Ra6+ e6 52. Ra8 Rh7 53. Rf8+ Ke7 54. Ra8 Rh6 55. Kd4 Kf6 56. Rf8+ Kg7 57. Ra8 Rg6 58. Ke5 Rg3 59. Kxe6 Rxh3 60. Kxf5 Rg3 61. Ra7+ Kh6 62. Ra2 h3 63. Rh2 Kg7 1/2-1/2

[Event "Mecklenburg VP VL1819"]
[Site "Mecklenburg VP"]
[Date "2018.11.11"]
[Round "2.8"]
[White "Wagner, Bernd"]
[Black "Staben, Thomas"]
[Result "1/2-1/2"]
[WhiteElo "1754"]
[BlackElo "1589"]
[PlyCount "38"]
[EventDate "2018.10.21"]
[EventType "team-tourn"]
[EventRounds "9"]
[EventCountry "GER"]
[SourceTitle "EXT 2022"]
[Source "ChessBase"]
[SourceDate "2021.10.06"]
[SourceVersion "1"]
[SourceVersionDate "2021.10.06"]
[SourceQuality "1"]
[WhiteTeam "Wismar ASV Gruen-Weiss"]
[BlackTeam "Warnemuende SF Ostsee"]
[WhiteTeamCountry "GER"]
[BlackTeamCountry "GER"]

1. d4 d5 2. c4 e6 3. Nc3 Nf6 4. Bf4 Bd6 5. Bg3 Bxg3 6. hxg3 Bd7 7. e3 Nc6 8. cxd5 exd5 9. Rc1 Ne7 10. Bd3 Bf5 11. Nge2 Bxd3 12. Qxd3 c6 13. b4 a6 14. a4 0-0 15. b5 axb5 16. axb5 Ra3 17. bxc6 bxc6 18. Qc2 Qa5 19. Qb2 Rc8 1/2-1/2

[Event "Puerto del Rosario op U2300 "]
[Site "Puerto del Rosario"]
[Date "2018.09.30"]
[Round "7"]
[White "Wagner, Bernd"]
[Black "Rodriguez Redondo, Ethan"]
[Result "1-0"]
[WhiteElo "2144"]
[BlackElo "1974"]
[PlyCount "39"]
[EventDate "2018.09.27"]
[EventType "swiss"]
[EventRounds "7"]
[EventCountry "ESP"]
[SourceTitle "CBM 187 Extra"]
[Source "ChessBase"]
[SourceDate "2018.11.04"]
[SourceVersion "1"]
[SourceVersionDate "2018.11.04"]
[SourceQuality "1"]

1. e4 e5 2. Nf3 Nf6 3. d4 Nxe4 4. Bd3 d5 5. Nxe5 Nd7 6. Nc3 Nxe5 7. dxe5 Nc5 8. Nxd5 Qxd5 9. Bb5+ Bd7 10. Qxd5 Bxb5 11. Be3 Rd8 12. Qf3 Bc6 13. Qe2 Ne6 14. 0-0 Be7 15. Rad1 0-0 16. Rxd8 Rxd8 17. Rd1 Rxd1+ 18. Qxd1 a6 19. c4 Bf8 20. a3 1-0

[Event "Pardubice Czech op-B 27th"]
[Site "Pardubice"]
[Date "2016.07.28"]
[Round "7"]
[White "Wagner, Bernd"]
[Black "Kuehn, Kolja"]
[Result "0-1"]
[WhiteElo "2175"]
[BlackElo "2058"]
[PlyCount "34"]
[EventDate "2016.07.22"]
[EventType "swiss"]
[EventRounds "9"]
[EventCountry "CZE"]
[SourceTitle "CBM 173 Extra"]
[Source "ChessBase"]
[SourceDate "2016.08.29"]
[SourceVersion "1"]
[SourceVersionDate "2016.08.29"]
[SourceQuality "1"]

1. e4 e5 2. Nf3 Nc6 3. Bc4 Bc5 4. b4 Bxb4 5. c3 Bd6 6. d4 Nf6 7. 0-0 0-0 8. Bg5 h6 9. Bh4 Re8 10. Nbd2 exd4 11. cxd4 g5 12. Bg3 Bxg3 13. fxg3 d5 14. exd5 Nxd5 15. Ne5 Be6 16. Qh5 Nf6 17. Rxf6 Qxd4+ 0-1

[Event "Mecklenburg VP LL2 West 1415"]
[Site "Mecklenburg VP"]
[Date "2015.02.22"]
[Round "6.4"]
[White "Wagner, Bernd"]
[Black "Knoop, Sascha"]
[Result "1/2-1/2"]
[WhiteElo "1764"]
[BlackElo "1655"]
[PlyCount "38"]
[EventDate "2014.09.21"]
[EventType "team-tourn"]
[EventRounds "9"]
[EventCountry "GER"]
[SourceTitle "EXT 2022"]
[Source "ChessBase"]
[SourceDate "2021.10.06"]
[SourceVersion "1"]
[SourceVersionDate "2021.10.06"]
[SourceQuality "1"]
[WhiteTeam "Wismar ASV Gruen-Weiss II"]
[BlackTeam "Mecklenburger Springer SC"]
[WhiteTeamCountry "GER"]
[BlackTeamCountry "GER"]

1. d4 Nf6 2. c4 e6 3. Nc3 d5 4. Bf4 c6 5. e3 Be7 6. Bd3 Nbd7 7. Nge2 dxc4 8. Bxc4 b5 9. Bd3 a6 10. 0-0 c5 11. Rc1 Bb7 12. Bg3 0-0 13. Bb1 Qb6 14. dxc5 Nxc5 15. Nd4 Rfd8 16. b4 Ncd7 17. Qb3 Rac8 18. Rfd1 Nd5 19. a3 N7f6 1/2-1/2

[Event "Salo We SalSK Westerinen 70"]
[Site "Salo"]
[Date "2014.??.??"]
[Round "2"]
[White "Wagner, Bernd"]
[Black "Skovgaard, Tom"]
[Result "1-0"]
[WhiteElo "2173"]
[BlackElo "1989"]
[PlyCount "51"]
[EventDate "2014.??.??"]
[EventType "swiss"]
[EventRounds "5"]
[EventCountry "FIN"]
[SourceTitle "EXT 2022"]
[Source "ChessBase"]
[SourceDate "2021.10.06"]
[SourceVersion "1"]
[SourceVersionDate "2021.10.06"]
[SourceQuality "1"]

1. e4 d5 2. exd5 Qxd5 3. Nc3 Qd6 4. d4 Nf6 5. Bc4 c6 6. Nge2 Bg4 7. f3 Be6 8. Bf4 Qd7 9. Bxe6 Qxe6 10. 0-0 Qf5 11. Qd2 e6 12. Ng3 Qa5 13. Nge4 Nxe4 14. fxe4 Bb4 15. Rf3 0-0 16. Rg3 Rd8 17. Bh6 g6 18. Qf4 f5 19. exf5 Rxd4 20. Qe3 e5 21. Qf3 Bc5 22. Kh1 Na6 23. fxg6 Qc7 24. gxh7+ Kxh7 25. Qf5+ Kh8 26. Qf6+ 1-0

[Event "Mecklenburg VP LL2 West 1213"]
[Site "Mecklenburg VP"]
[Date "2013.01.27"]
[Round "4.3"]
[White "Wagner, Bernd"]
[Black "Wiemer, Juergen"]
[Result "1/2-1/2"]
[WhiteElo "1704"]
[BlackElo "1918"]
[PlyCount "101"]
[EventDate "2012.10.14"]
[EventType "team-tourn"]
[EventRounds "9"]
[EventCountry "GER"]
[SourceTitle "EXT 2022"]
[Source "ChessBase"]
[SourceDate "2021.10.06"]
[SourceVersion "1"]
[SourceVersionDate "2021.10.06"]
[SourceQuality "1"]
[WhiteTeam "Wismar ASV Gruen-Weiss II"]
[BlackTeam "Ludwigslust Post SV"]
[WhiteTeamCountry "GER"]
[BlackTeamCountry "GER"]

1. d4 Nf6 2. c4 e6 3. Nc3 d5 4. Bf4 c6 5. e3 dxc4 6. Bxc4 Nd5 7. Bg3 Bb4 8. Nge2 Qa5 9. Rc1 Nd7 10. 0-0 N5b6 11. Bb3 Nf6 12. a3 Be7 13. Qd3 Bd7 14. Be5 Nbd5 15. Rfd1 0-0 16. Na4 Ne8 17. Nc5 Bc8 18. Bc2 g6 19. b4 Qd8 20. e4 Ndf6 21. Bb3 b6 22. Na4 Bb7 23. Nac3 a5 24. Na2 axb4 25. axb4 Ra3 26. Rc3 Qa8 27. Nec1 Nd7 28. Bf4 Ng7 29. f3 Rd8 30. Qc2 Ne8 31. Ne2 g5 32. Bc1 Ra7 33. f4 g4 34. h3 h5 35. hxg4 h4 36. Rh3 Ng7 37. g5 c5 38. d5 f5 39. Rxh4 Nf8 40. Nec3 cxb4 41. Nb5 Ra5 42. Qe2 Ba6 43. Bc4 Bxb5 44. exf5 Bxc4 45. Qxc4 exd5 46. Qe2 Bc5+ 47. Kh1 Rxa2 48. Bb2 Re8 49. Qc2 Qa6 50. f6 Rxb2 51. g6 1/2-1/2

[Event "Mecklenburg VP LL2 West 1213"]
[Site "Mecklenburg VP"]
[Date "2013.01.13"]
[Round "5.4"]
[White "Wagner, Bernd"]
[Black "Stadler, Bertino"]
[Result "1-0"]
[WhiteElo "1704"]
[BlackElo "1660"]
[PlyCount "47"]
[EventDate "2012.10.14"]
[EventType "team-tourn"]
[EventRounds "9"]
[EventCountry "GER"]
[SourceTitle "EXT 2022"]
[Source "ChessBase"]
[SourceDate "2021.10.06"]
[SourceVersion "1"]
[SourceVersionDate "2021.10.06"]
[SourceQuality "1"]
[WhiteTeam "Wismar ASV Gruen-Weiss II"]
[BlackTeam "Kuehlungsborn SV Empor"]
[WhiteTeamCountry "GER"]
[BlackTeamCountry "GER"]

1. d4 d5 2. c4 c6 3. Nc3 Nf6 4. Bf4 dxc4 5. e3 b5 6. a4 b4 7. Na2 a5 8. Bxc4 e6 9. Nc1 Nd5 10. Bg3 Nb6 11. Be2 Bd6 12. Nb3 Bxg3 13. hxg3 N8d7 14. Qc2 Nf6 15. Bf3 Nbd5 16. Qxc6+ Bd7 17. Qc2 Rc8 18. Qd3 Nb6 19. Nc5 Rxc5 20. dxc5 Nxa4 21. c6 Nc5 22. cxd7+ Nfxd7 23. Qd6 Qf6 24. Rxa5 1-0

[Event "CAN-ch op 49th"]
[Site "Victoria"]
[Date "2012.07.12"]
[Round "8"]
[White "Wagner, Bernd"]
[Black "Han, Yiming"]
[Result "1-0"]
[WhiteElo "2218"]
[BlackElo "2060"]
[PlyCount "77"]
[EventDate "2012.07.08"]
[EventType "swiss"]
[EventRounds "9"]
[EventCountry "CAN"]
[SourceTitle "EXT 2014"]
[Source "ChessBase"]
[SourceDate "2013.11.20"]
[SourceVersion "1"]
[SourceVersionDate "2013.11.20"]
[SourceQuality "1"]

1. e4 e5 2. Nf3 Nc6 3. Bc4 Bc5 4. b4 Bxb4 5. c3 Ba5 6. Qb3 Qe7 7. d4 exd4 8. 0-0 Bb6 9. Ba3 d6 10. e5 Be6 11. exd6 cxd6 12. Re1 0-0-0 13. cxd4 Bxd4 14. Bxe6+ fxe6 15. Nxd4 Nxd4 16. Qc4+ Nc6 17. Rxe6 Qf7 18. Nc3 Nf6 19. Nb5 Kb8 20. Bxd6+ Ka8 21. Nc7+ Kb8 22. Bg3 Rd7 23. Rxc6 bxc6 24. Qxc6 Rxc7 25. Rb1+ Kc8 26. Bxc7 Qxc7 27. Qa8+ Kd7 28. Qxh8 Ke6 29. Qb8 Qa5 30. Qc8+ Kf7 31. Qc4+ Kg6 32. h3 Qd2 33. Rb3 Qe1+ 34. Kh2 Qe5+ 35. f4 Qa5 36. Rb7 Qa3 37. Qf7+ Kf5 38. Rb5+ Ke4 39. Qc4+ 1-0

[Event "CAN-ch op 49th"]
[Site "Victoria"]
[Date "2012.07.10"]
[Round "6"]
[White "Wu, Howard"]
[Black "Wagner, Bernd"]
[Result "1-0"]
[WhiteElo "2120"]
[BlackElo "2218"]
[PlyCount "69"]
[EventDate "2012.07.08"]
[EventType "swiss"]
[EventRounds "9"]
[EventCountry "CAN"]
[SourceTitle "CBM 149 Extra"]
[Source "ChessBase"]
[SourceDate "2012.08.24"]
[SourceVersion "1"]
[SourceVersionDate "2012.08.24"]
[SourceQuality "1"]

1. e4 e6 2. d4 d5 3. Nd2 Nc6 4. c3 e5 5. Bb5 exd4 6. cxd4 dxe4 7. Bxc6+ bxc6 8. Nxe4 Nf6 9. Qe2 Nxe4 10. Qxe4+ Be7 11. Qxc6+ Bd7 12. Qc2 0-0 13. Ne2 Bb4+ 14. Bd2 Qe7 15. Bxb4 Qxb4+ 16. Qc3 Qb5 17. Kd2 Rab8 18. b3 Qg5+ 19. Qe3 Qa5+ 20. Kd1 Rfe8 21. Qd2 Qd5 22. f3 Bf5 23. Nf4 Qd6 24. Rc1 Red8 25. Rc4 Bd7 26. Ne2 Bb5 27. Rc2 Qf6 28. Re1 Bxe2+ 29. Kxe2 Rxd4 30. Qc3 h6 31. Kf1 Rbd8 32. Rce2 Qb6 33. Qc2 g6 34. Qc3 Qd6 35. h3 1-0

[Event "Mecklenburg VP LL2 West 1011"]
[Site "Mecklenburg VP"]
[Date "2011.03.20"]
[Round "8.4"]
[White "Kuehn, Peter1111"]
[Black "Wagner, Bernd"]
[Result "1-0"]
[WhiteElo "2006"]
[BlackElo "2250"]
[PlyCount "25"]
[EventDate "2010.10.10"]
[EventType "team-tourn"]
[EventRounds "9"]
[EventCountry "GER"]
[SourceTitle "EXT 2022"]
[Source "ChessBase"]
[SourceDate "2021.10.06"]
[SourceVersion "1"]
[SourceVersionDate "2021.10.06"]
[SourceQuality "1"]
[WhiteTeam "Malchow Schachinsel"]
[BlackTeam "Wismar ASV Gruen-Weiss II"]
[WhiteTeamCountry "GER"]
[BlackTeamCountry "GER"]

1. e4 c6 2. d4 d5 3. f3 dxe4 4. fxe4 e5 5. Nf3 exd4 6. Bc4 Bg4 7. Bxf7+ Ke7 8. Bxg8 Nd7 9. Bb3 Qb6 10. Qxd4 c5 11. Qd5 Rd8 12. Qf7+ Kd6 13. Bf4+ 1-0

[Event "Moehnesee Cup-A"]
[Site "Moehnesee"]
[Date "2005.08.21"]
[Round "6"]
[White "Wagner, Bernd"]
[Black "Verch, Marco"]
[Result "1-0"]
[WhiteElo "2102"]
[BlackElo "1835"]
[PlyCount "61"]
[EventDate "2005.08.18"]
[EventType "swiss"]
[EventRounds "7"]
[EventCountry "GER"]
[SourceTitle "CBM 108 Extra"]
[Source "ChessBase"]
[SourceDate "2005.11.04"]
[SourceVersion "1"]
[SourceVersionDate "2005.11.04"]
[SourceQuality "1"]

1. d4 d5 2. Nf3 Nf6 3. e3 Bg4 4. Bd3 e6 5. 0-0 Nbd7 6. h3 Bh5 7. Nbd2 Bd6 8. Qe1 c6 9. b3 Qe7 10. Bb2 Rg8 11. Ne5 g5 12. g4 Bg6 13. Bxg6 hxg6 14. c4 Rh8 15. Kg2 Rh6 16. f4 Rh7 17. fxg5 Ne4 18. Nxe4 dxe4 19. h4 0-0-0 20. Qf2 Bxe5 21. dxe5 Rdh8 22. Rh1 Qb4 23. Kg3 Nc5 24. Rad1 Nd3 25. Qg2 Qa5 26. Ba1 Qa3 27. Qxe4 Nc5 28. Qd4 Qxa2 29. Qxc5 Rxh4 30. Rxh4 Rxh4 31. Qf8+ 1-0